Mystery Taylor Swift Song #129 - Statistics

General Stats
  • This quiz has been taken 204 times
  • The average score is 34 of 69
Answer Stats
Song % Correct
Taylor Swift
88%
I
85%
a
83%
you
82%
the
79%
and
76%
your
73%
love
71%
it
70%
on
70%
in
69%
be
68%
me
68%
to
68%
all
66%
would
66%
do
65%
No
65%
our
65%
Why
65%
wanna
64%
It's
60%
that
58%
don't
57%
but
55%
good
55%
heart?
55%
what
55%
break
53%
by
53%
perfectly
53%
tear
53%
was
53%
not
52%
now?
51%
take
51%
How
50%
one
50%
say
50%
A Perfectly Good Heart
48%
can't
47%
make
45%
apart
44%
first
42%
back
41%
very
40%
get
39%
way
39%
read
38%
should've
37%
scar?
36%
before
35%
eyes
35%
away
30%
seen
28%
sense
28%
still
28%
anymore
25%
matter
24%
believe
22%
fall
22%
signs
22%
walk
22%
unbroken
21%
wall
20%
Maybe
19%
writing
19%
distance
17%
realized
16%
No matching quizzes found
Score Distribution
Percent of People with Each Score
Percentile by Number Answered
Your Score History
You have not taken this quiz